Flagi Krajów byłego ZSRR - Statystyki

Ogólne statystyki
  • Ten quiz został rozwiązany 42 razy
  • Średni wynik to 14 z 15
Statystyki odpowiedzi
Obrazkowy Odpowiedź % Poprawnych
Armenia
100%
Białoruś
97%
Estonia
97%
Gruzja
97%
Kazachstan
97%
Łotwa
94%
Mołdawia
94%
Rosja
94%
Ukraina
94%
Azerbejdżan
92%
Kirgistan
86%
Litwa
83%
Uzbekistan
83%
Turkmenistan
78%
Tadżykistan
64%
Nie znaleziono quizów pasujących do podanych kryteriów
Rozkład punktacji
Procent ludzi z każdym wynikiem
Percentyl według liczby udzielonych odpowiedzi
Twoja historia wyników
Nie rozwiązałeś tego quizu